Cinéma n°1 - Statistiques

Statistiques générales
  • Ce quiz a été pris 277 fois
  • Le résultat moyen est 3 sur 15
Statistiques - réponses
Quesion Réponse % Correct
Quel réalisateur est à l'origine des films "Seven", et plus récement "Gone Girl" ? David Fincher
74%
Combien d'heures Aron Ralston demeure-t-il avec son rocher au fond d'un canyon ? 127
60%
De quel instrument joue le personnage muet au destin malheureux interprété par Holly Hunter dans un film de Jane Campion ? Du piano
48%
D'après le titre du film de François Girard, de quelle couleur est le violon qui inspire tant de passion ? Rouge
41%
Qui interprète Andy Kaufman dans le biopic "Man on the Moon" de 1999 ? Jim Carrey
34%
Dans ce film de Brad Silberling, de quels orphelins, le comte Olaf cherche-t-il à récupérer l'héritage ? Les orphelins Baudelaire
32%
Quel acteur a pu interpréter au fil de sa carrière un vampire londonien, un robot gigolo et un tireur d'élite russe ? Jude Law
19%
Quel grand compositeur a participé au film "Mission" de Roland Joffé en 1986 ? Ennio Morricone
18%
Quel film avec Julianne Moore et Mark Ruffalo montre une épidémie qui prive ceux qui en sont touchés de l'un de leur sens ? Blindness
5%
Avec quelle invention Tim Robbins arrive en ville et fait fortune dans un film des frères Cohen ? Le Hula Hoop
4%
Quelle guerre sert de contexte au film "Le vent se lève" de Ken Loach ? La guerre d'indépendance irlandaise
3%
Quelle trilogie, plutôt avant-gardiste, a été réalisé par Godfrey Reggio de 1982 à 2002 ? La trilogie des Qatsi
2%
Quel duo comique prête son nom aux extraterrestres du film de Denis Villeneuve, "Premier contact" ? Abbott et Costello
1%
Qui joue le rôle de Kaspar Hauser dans un film de Werner Herzog ? Bruno S.
1%
Comment se nomment les magiciens rivaux dans Le Prestige de Christopher Nolan ? Robert Angier et Alfred Borden
1%
Aucun quiz correspondant
Distribution des résultats
% des personnes avec chaque résultat
Percentile par nombre de réponses
Votre historique - résultats
Vous n’avez pas pris ce quiz